Catálogo
 En Linea

Probabilidad y estadística para ingenieros / Miller y Freund / Ricahrd A. Johnson. (Registro nro. 36570)

Detalles MARC
000 -CABECERA
campo de control de longitud fija 00534nam a2200169 a 4500
001 - NÚMERO DE CONTROL
campo de control 000037080
005 - FECHA Y HORA DE LA ÚLTIMA TRANSACCIÓN
campo de control 20200930080128.0
008 - DATOS DE LONGITUD FIJA--INFORMACIÓN GENERAL
campo de control de longitud fija 120210s2004 mx 000 0 spa d
020 ## - NÚMERO INTERNACIONAL ESTÁNDAR DEL LIBRO
Número Internacional Estándar del Libro 9701702646
040 ## - FUENTE DE LA CATALOGACIÓN
Centro catalogador/agencia de origen DO-SdBNP
Lengua de catalogación spa
Centro/agencia transcriptor BNPHU
100 1# - ENTRADA PRINCIPAL--NOMBRE DE PERSONA
Nombre de persona Johnson, Richard A.
Forma completa/desarrollada del nombre (Richard Arnold)
9 (RLIN) 63495
245 10 - MENCIÓN DE TÍTULO
Título Probabilidad y estadística para ingenieros / Miller y Freund / Ricahrd A. Johnson.
250 ## - MENCIÓN DE EDICIÓN
Mención de edición 7a. ed.
260 ## - PUBLICACIÓN, DISTRIBUCIÓN, ETC.
Lugar de publicación, distribución, etc. [México] :
Nombre del editor, distribuidor, etc. Prentice-Hall Hispanoamericana.
300 ## - DESCRIPCIÓN FÍSICA
Extensión 739 p. ;
Dimensiones 24 cm.
500 ## - NOTA GENERAL
Nota general Incluye índice
Existencias
Estado de retiro Estado de pérdida Restricciones de uso No para préstamo Código de colección Localización permanente Ubicación/localización actual Ubicación en estantería Fecha de adquisición Número de inventario Total de préstamos Signatura topográfica completa Código de barras Fecha visto por última vez Precio válido a partir de Tipo de ítem Koha
        Monografías: Libros y Folletos General General Orden iniciada 10.02.2012 LF1   37080-10 25.06.2020 25.06.2020 No se presta

Con tecnología Koha